Statystyki dla Z Jakiego Kraju Pochodzi ta Waluta?

Kliknij tutaj aby rozwiązać quiz!

Ogólne statystyki

  • Ten quiz został rozwiązany 748 razy
  • Średni wynik to 13 z 30

Statystyki odpowiedzi

Nazwa WalutyKraj Pochodzenia% Poprawnych
RubelRosja / Białoruś
97%
ZłotyPolska
94%
KoronaCzechy / Dania / Islandia / Norwegia / Szwecja
87%
JenJaponia
79%
Funt SzterlingAndora / Wielka Brytania
75%
PesoArgentyna / Chile / Dominikana / Filipiny / Kolumbia / Kuba / Meksyk / Urugwaj
74%
JuanChiny
69%
BoliwianoBoliwia
63%
ForintWęgry
61%
HrywnaUkraina
59%
RupiaIndie / Indonezja / Mauritius / Nepal / Pakistan / Seszele / Sri Lanka
51%
WonKorea Południowa / Korea Północna
48%
LejRumunia / Mołdawia
46%
SzekelIzrael
45%
LiraTurcja
39%
RealBrazylia
36%
Dolar WschodniokaraibskiAntigua i Barbuda / Dominika / Grenada / Saint Kitts i Nevis / Saint Lucia / Saint Vincent i Grenadyny
35%
DinarAlgieria / Bahrajn / Czarnogóra / Irak / Jordania / Kuwejt / Libia / Serbia / Tunezja
34%
DongWietnam
29%
ŁatŁotwa
26%
BatTajlandia
22%
RialArabia Saudyjska / Jemen / Katar / Oman / Iran
20%
DirhamMaroko / Zjednoczone Emiraty Arabskie
20%
SzylingKenia / Tanzania / Uganda
13%
MarkaBośnia i Hercegowina
12%
LariGruzja
11%
QuetzalGwatemala
10%
SomKirgistan / Uzbekistan
10%
KipLaos
8%
NgultrumBhutan
6%

Rozkład punktacji

Percentyl według liczby udzielonych odpowiedzi

Procent ludzi z każdym wynikiem

Twoja historia wyników

Nie rozwiązałeś tego quizu